LEADER 01210nam--2200361---450- 001 990000959370203316 010 $a88-14-02668-8 035 $a0095937 035 $aUSA010095937 035 $a(ALEPH)000095937USA01 035 $a0095937 100 $a20020213d1990----km-y0itay0103----ba 101 $aita 102 $aIT 105 $a||||||||001yy 200 1 $aTerza indagine sulla distribuzione dei servizi assicurativi in Italia (1988) 210 $aMilano$cA. Giuffré$d1990 215 $a294 p$d24 cm 225 2 $aQuaderni$fCIRSA, Centro italiano ricerche e studi assicurativi$v25 410 $12001$aQuaderni$fCIRSA, Centro italiano ricerche e studi assicurativi$v25 606 0 $aAssicurazioni$yItalia$xIndagine ststistica$z1988 676 $a368.945 801 0$aIT$bsalbc$gISBD 912 $a990000959370203316 951 $aCOLL. QZ 25$b71424 EC$cCOLL. QZ 959 $aBK 969 $aECO 979 $aPATTY$b90$c20020213$lUSA01$h1658 979 $aPATTY$b90$c20020325$lUSA01$h1324 979 $c20020403$lUSA01$h1738 979 $aPATRY$b90$c20040406$lUSA01$h1706 996 $aTerza indagine sulla distribuzione dei servizi assicurativi in Italia (1988$9973533 997 $aUNISA LEADER 01331nam 2200349 450 001 9910702767103321 005 20141124092633.0 035 $a(CKB)5470000002430526 035 $a(OCoLC)896823039 035 $a(EXLCZ)995470000002430526 100 $a20141124d2014 ua 0 101 0 $aeng 135 $aurcn||||||||| 181 $ctxt$2rdacontent 182 $cc$2rdamedia 183 $acr$2rdacarrier 200 10$aEnhanced EPA oversight needed to address risks from declining Clean Air Act Title V revenues 210 1$aWashington, DC :$cU.S. Environmental Protection Agency, Office of Inspector General,$d2014. 215 $a1 online resource (44 pages) $ccolor illustrations 225 1 $aReport ;$vno. 15-P-0006 300 $aTitle from title screen (viewed on Nov. 24, 2014). 300 $a"October 20, 2014." 517 1 $aEnhanced Environmental Protection Agency oversight needed to address risks from declining Clean Air Act Title V revenues 517 1 $aAir quality 606 $aAir$xPollution$xGovernment policy$zUnited States 615 0$aAir$xPollution$xGovernment policy 801 0$bGPO 801 1$bGPO 906 $aBOOK 912 $a9910702767103321 996 $aEnhanced EPA oversight needed to address risks from declining Clean Air Act Title V revenues$93190413 997 $aUNINA